<The> International Energy Workshop <A> Progress Report
Saved in:
| Main Author: | |
|---|---|
| Other Authors: | |
| Format: | Book |
| Language: | English |
| Published: |
Laxenburg
International Institute for Applied Systems Analysis
1988
|
| Edition: | 1. ed. |
| Tags: |
No Tags, Be the first to tag this record!
|
MARC
| LEADER | 00000nam a2200000 4500 | ||
|---|---|---|---|
| 001 | c033001 | ||
| 005 | 20221219120034.9 | ||
| 041 | 0 | |a eng | |
| 044 | |a AT | ||
| 245 | 1 | 0 | |a <The> International Energy Workshop |b <A> Progress Report |c Alan S. Manne, Leo Schrattenholzer |
| 250 | |a 1. ed. | ||
| 264 | 1 | |a Laxenburg |b International Institute for Applied Systems Analysis |c 1988 | |
| 300 | |a S. 35-48 | ||
| 500 | |a Separát z: OPEC Review, Spring, 35-48(1988) | ||
| 100 | 1 | |a Manne, Alan S. | |
| 700 | 1 | |a Schrattenholzer, Leo | |